[Event "Oberliga Bayern 1920"]
[Site "Bayern"]
[Date "2020.09.20"]
[Round "9.8"]
[White "Richter, Martin2"]
[Black "Oberhofer, Peter"]
[Result "1/2-1/2"]
[WhiteElo "2041"]
[BlackElo "1814"]
[PlyCount "88"]
[EventDate "2019.10.20"]
[EventType "team-tourn"]
[EventRounds "9"]
[EventCountry "GER"]
[SourceTitle "EXT 2022"]
[Source "ChessBase"]
[SourceDate "2021.10.06"]
[SourceVersion "1"]
[SourceVersionDate "2021.10.06"]
[SourceQuality "1"]
[WhiteTeam "Pang/Rosenheim"]
[BlackTeam "Regensburg Bavaria"]
[WhiteTeamCountry "GER"]
[BlackTeamCountry "GER"]

1. d4 Nf6 2. c4 g6 3. Nc3 d5 4. Qb3 c6 5. Nf3 Qb6 6. Qxb6 axb6 7. e3 Bg7 8. Bd3 0-0 9. Bd2 Re8 10. Ke2 Bg4 11. h3 Bxf3+ 12. Kxf3 e5 13. dxe5 Rxe5 14. Rhd1 Nbd7 15. Bf1 dxc4 16. Bxc4 b5 17. Bb3 Nc5 18. Bc2 Rd8 19. Be1 Ree8 20. Rxd8 Rxd8 21. Rd1 Rxd1 22. Nxd1 Nd5 23. e4 Nb6 24. b3 Nbd7 25. Ke3 Ne6 26. Bc3 Bxc3 27. Nxc3 b4 28. Ne2 c5 29. f4 f6 30. Bd3 Kf8 31. h4 Ke7 32. g4 h6 33. Bc4 Nc7 34. g5 hxg5 35. hxg5 fxg5 36. fxg5 b5 37. Bg8 Ne5 38. Nf4 Kf8 39. Bd5 c4 40. bxc4 bxc4 41. Kd4 Nxd5 42. exd5 b3 43. axb3 cxb3 44. Kc3 Ke7 1/2-1/2

[Event "Oberpfalz-ch M2"]
[Site "Bad Koetzting"]
[Date "2018.03.27"]
[Round "7"]
[White "Jobst, Thomas"]
[Black "Oberhofer, Peter"]
[Result "1/2-1/2"]
[WhiteElo "1932"]
[BlackElo "1809"]
[PlyCount "45"]
[EventDate "2018.03.24"]
[EventType "swiss"]
[EventRounds "8"]
[EventCountry "GER"]
[SourceTitle "EXT 2020"]
[Source "ChessBase"]
[SourceDate "2019.10.17"]
[SourceVersion "1"]
[SourceVersionDate "2019.10.17"]
[SourceQuality "1"]

1. c4 e5 2. Nc3 Nf6 3. g3 d5 4. cxd5 Nxd5 5. Bg2 Nb6 6. d3 Be7 7. Nf3 Nc6 8. 0-0 0-0 9. a3 a5 10. Be3 Be6 11. Rc1 Nd5 12. Nxd5 Bxd5 13. Qa4 Bd6 14. Bc5 Re8 15. e4 Be6 16. Be3 f6 17. d4 Nxd4 18. Nxd4 exd4 19. Bxd4 Qd7 20. Qc2 Bh3 21. Rfd1 Bxg2 22. Kxg2 Qe6 23. Re1 1/2-1/2

[Event "Oberpfalz-ch M2"]
[Site "Bad Koetzting"]
[Date "2018.03.24"]
[Round "2"]
[White "Oberhofer, Peter"]
[Black "Blodig, Martin"]
[Result "1/2-1/2"]
[WhiteElo "1809"]
[BlackElo "1851"]
[PlyCount "152"]
[EventDate "2018.03.24"]
[EventType "swiss"]
[EventRounds "8"]
[EventCountry "GER"]
[SourceTitle "EXT 2020"]
[Source "ChessBase"]
[SourceDate "2019.10.17"]
[SourceVersion "1"]
[SourceVersionDate "2019.10.17"]
[SourceQuality "1"]

1. d4 d5 2. c4 e6 3. Nf3 Nf6 4. g3 c5 5. cxd5 Nxd5 6. Bg2 Nc6 7. 0-0 Qb6 8. e4 Nf6 9. d5 Nd4 10. Nc3 Be7 11. b3 Nxf3+ 12. Bxf3 0-0 13. Bf4 exd5 14. e5 Ne8 15. Nxd5 Qd8 16. Rc1 Be6 17. Qd2 Rc8 18. Rfd1 b6 19. Qe3 Kh8 20. Nb4 cxb4 21. Rxd8 Rxd8 22. Qe2 a5 23. Be3 Rb8 24. Rc6 Bd8 25. Qd1 Bc7 26. Qa1 Bd7 27. Rc2 f6 28. exf6 Rxf6 29. Bg2 b5 30. Bd4 Rf7 31. Be5 Rc8 32. Bxc7 Rxc7 33. Rxc7 Nxc7 34. Qe5 Be6 35. Bc6 h6 36. f4 a4 37. Qd4 axb3 38. axb3 Kg8 39. Qxb4 Bd7 40. Qd6 Bxc6 41. Qxc6 Re7 42. Kf2 Kf7 43. f5 Kf8 44. g4 Kf7 45. h4 Kg8 46. Qd6 Rf7 47. Qd8+ Kh7 48. Ke3 g6 49. fxg6+ Kxg6 50. Qd6+ Kh7 51. Kd4 Rg7 52. Kc5 b4 53. Qd3+ Kg8 54. Qc4+ Kh7 55. Kxb4 Kg6 56. Ka5 Ne8 57. b4 Kf6 58. Qc6+ Ke7 59. Qxh6 Rxg4 60. Qh5 Nf6 61. Qe5+ Kf7 62. h5 Rh4 63. Qc7+ Ke6 64. Qc8+ Ke7 65. Qc7+ Ke6 66. Qc6+ Ke7 67. Qc5+ Ke6 68. Qe3+ Kf7 69. h6 Kg6 70. Qg3+ Rg4 71. Qh3 Rg5+ 72. Ka6 Rh5 73. Qe3 Rxh6 74. b5 Nd5 75. Qe6+ Kg7 76. Qxh6+ Kxh6 1/2-1/2

[Event "Oberpfalz-ch M2"]
[Site "Windischeschenbach"]
[Date "2017.04.09"]
[Round "3"]
[White "Horther Schneider, Elsbeth"]
[Black "Oberhofer, Peter"]
[Result "0-1"]
[WhiteElo "1815"]
[BlackElo "1806"]
[PlyCount "64"]
[EventDate "2017.04.08"]
[EventType "swiss"]
[EventRounds "8"]
[EventCountry "GER"]
[SourceTitle "EXT 2020"]
[Source "ChessBase"]
[SourceDate "2019.10.17"]
[SourceVersion "1"]
[SourceVersionDate "2019.10.17"]
[SourceQuality "1"]

1. e4 c5 2. Nc3 d6 3. f4 g6 4. d3 Bg7 5. g3 b6 6. Bg2 Bb7 7. Nf3 e6 8. 0-0 Ne7 9. Qe2 Nbc6 10. Nd1 0-0 11. c3 d5 12. Nf2 a5 13. Nh4 dxe4 14. Bxe4 Nf5 15. Ng2 Nd6 16. Be3 Nxe4 17. Nxe4 Ne7 18. Rad1 Qd5 19. g4 Qxa2 20. Qf2 f5 21. Ng5 h6 22. Nf3 fxg4 23. Nfe1 Nf5 24. Qe2 h5 25. Qf2 Qd5 26. Bd2 Bf6 27. Qe2 Nh4 28. Bc1 Rad8 29. Qf2 Rd7 30. Qg3 Nf5 31. Qf2 h4 32. Qe2 h3 0-1

[Event "Oberpfalz-ch M2"]
[Site "Windischeschenbach"]
[Date "2017.04.09"]
[Round "4"]
[White "Oberhofer, Peter"]
[Black "Ott, Ian"]
[Result "1/2-1/2"]
[WhiteElo "1806"]
[BlackElo "1830"]
[PlyCount "139"]
[EventDate "2017.04.08"]
[EventType "swiss"]
[EventRounds "8"]
[EventCountry "GER"]
[SourceTitle "EXT 2020"]
[Source "ChessBase"]
[SourceDate "2019.10.17"]
[SourceVersion "1"]
[SourceVersionDate "2019.10.17"]
[SourceQuality "1"]

1. d4 Nf6 2. c4 g6 3. Nf3 Bg7 4. g3 0-0 5. Bg2 e6 6. 0-0 d5 7. Nc3 Nbd7 8. Qd3 dxc4 9. Qxc4 c6 10. Rd1 Qe7 11. Bg5 h6 12. Bf4 Nd5 13. Bd2 Nxc3 14. Bxc3 Nb6 15. Qb3 Nd5 16. Bd2 Rd8 17. Rac1 Rb8 18. Ne5 Bd7 19. e4 Nc7 20. Bb4 Qe8 21. Bd6 Rdc8 22. Nc4 c5 23. Bxc5 Ba4 24. Nd6 Bxb3 25. Nxe8 Bxd1 26. Nxg7 b6 27. Bd6 Nb5 28. Rxc8+ Rxc8 29. Be5 Rc1 30. h4 Bf3+ 31. Kh2 Bxg2 32. Kxg2 Rd1 33. Ne8 Kf8 34. Nf6 h5 35. d5 exd5 36. Nxd5 Nd4 37. Ne3 Rd3 38. Nd5 Nc6 39. Bf6 Na5 40. Kf1 Rd1+ 41. Ke2 Rc1 42. Bc3 Nc6 43. Ke3 b5 44. Kf4 Rc2 45. f3 Kg8 46. a3 a5 47. Ne3 Re2 48. Nd5 b4 49. axb4 Nxb4 50. Nf6+ Kf8 51. g4 Nd3+ 52. Kg5 hxg4 53. fxg4 Nf2 54. Bxa5 Nxe4+ 55. Nxe4 Rxe4 56. Bc3 Rc4 57. h5 gxh5 58. Kxh5 Kg8 59. Kg5 Re4 60. Kf5 Re6 61. g5 Kf8 62. Be5 Rb6 63. Ke4 Ke7 64. Bf6+ Rxf6 65. gxf6+ Kxf6 66. b4 Ke6 67. b5 Kd6 68. Kf5 Kc5 69. Kf6 Kxb5 70. Kxf7 1/2-1/2

[Event "Nittenau-ch op 15th"]
[Site "Nittenau"]
[Date "2015.09.20"]
[Round "5"]
[White "Fritsch, Julian"]
[Black "Oberhofer, Peter"]
[Result "0-1"]
[WhiteElo "1377"]
[BlackElo "1831"]
[PlyCount "120"]
[EventDate "2015.09.18"]
[EventType "swiss"]
[EventRounds "5"]
[EventCountry "GER"]
[SourceTitle "EXT 2017"]
[Source "ChessBase"]
[SourceDate "2016.10.25"]
[SourceVersion "1"]
[SourceVersionDate "2016.10.25"]
[SourceQuality "1"]

1. f4 c5 2. e4 d5 3. e5 Nh6 4. Nf3 Nc6 5. Be2 Nf5 6. 0-0 Nfd4 7. Nxd4 Nxd4 8. Nc3 a6 9. Bf3 e6 10. Ne2 Nxf3+ 11. Rxf3 c4 12. d4 cxd3 13. cxd3 Qb6+ 14. d4 Bd7 15. b3 Be7 16. Bb2 Rc8 17. Rc1 0-0 18. Rfc3 Bc6 19. a3 Rc7 20. Rh3 f6 21. Nc3 Be8 22. Qc2 Qxd4+ 23. Kh1 Bg6 24. Nxd5 Bxc2 25. Nxe7+ Rxe7 26. Bxd4 Rd7 27. Rxc2 Rxd4 28. g3 fxe5 29. fxe5 Rd3 30. Rb2 Rf5 31. g4 Rd1+ 32. Kg2 Rxe5 33. Rc2 Rd7 34. Rc8+ Kf7 35. Rxh7 Kg6 36. Rh3 Rd2+ 37. Kf1 Ree2 38. Rc4 Rxh2 39. Rxh2 Rxh2 40. Rc7 Ra2 41. Rxb7 Rxa3 42. Rb6 Kf6 43. b4 Rb3 44. Kf2 g5 45. Rxa6 Rxb4 46. Kf3 Rb3+ 47. Kf2 Ke5 48. Rc6 Rb4 49. Kf3 Kd5 50. Rc3 e5 51. Ra3 Rc4 52. Ra5+ Kd4 53. Rb5 e4+ 54. Ke2 Rc5 55. Rb4+ Ke5 56. Ke3 Rc3+ 57. Kd2 Rg3 58. Rb5+ Kf4 59. Ke2 Rg2+ 60. Kf1 Rxg4 0-1

[Event "Nittenau-ch op 15th"]
[Site "Nittenau"]
[Date "2015.09.20"]
[Round "4"]
[White "Oberhofer, Peter"]
[Black "Bergerhoff, Andreas"]
[Result "0-1"]
[WhiteElo "1831"]
[BlackElo "2097"]
[PlyCount "48"]
[EventDate "2015.09.18"]
[EventType "swiss"]
[EventRounds "5"]
[EventCountry "GER"]
[SourceTitle "EXT 2017"]
[Source "ChessBase"]
[SourceDate "2016.10.25"]
[SourceVersion "1"]
[SourceVersionDate "2016.10.25"]
[SourceQuality "1"]

1. d4 Nf6 2. c4 c5 3. d5 b5 4. Nf3 e6 5. e4 Nxe4 6. cxb5 Bb7 7. dxe6 fxe6 8. Bd3 c4 9. Bxc4 Bb4+ 10. Nbd2 0-0 11. 0-0 Nxd2 12. Nxd2 Qg5 13. Ne4 Qh4 14. f3 d5 15. Bg5 Qh5 16. Qb3 a5 17. bxa6 Nxa6 18. Bxa6 Bxa6 19. Qxb4 dxe4 20. Be7 Bxf1 21. Bxf8 Bxg2 22. Qxe4 Bxf3 23. Qxe6+ Kxf8 24. b4 Qg5+ 0-1

[Event "Regionalliga NO 1415"]
[Site "Bayern"]
[Date "2015.04.12"]
[Round "9.8"]
[White "Sikorsky, Reinhard"]
[Black "Oberhofer, Peter"]
[Result "1-0"]
[WhiteElo "1584"]
[BlackElo "1748"]
[PlyCount "117"]
[EventDate "2014.10.19"]
[EventType "team-tourn"]
[EventRounds "9"]
[EventCountry "GER"]
[SourceTitle "EXT 2018"]
[Source "ChessBase"]
[SourceDate "2017.10.13"]
[SourceVersion "1"]
[SourceVersionDate "2017.10.13"]
[SourceQuality "1"]
[WhiteTeam "Gunzenhausen"]
[BlackTeam "Regensburg Bavaria"]
[WhiteTeamCountry "GER"]
[BlackTeamCountry "GER"]

1. e4 c5 2. Nf3 d6 3. d4 cxd4 4. Nxd4 Nf6 5. Nc3 g6 6. Be3 Bg7 7. f3 0-0 8. Qd2 Nc6 9. Bc4 Bd7 10. 0-0-0 Rc8 11. Bb3 Ne5 12. h4 h5 13. g4 hxg4 14. h5 Nxh5 15. Rxh5 gxh5 16. Rh1 Nc4 17. Bxc4 Rxc4 18. Rxh5 gxf3 19. Bh6 f2 20. Qxf2 Bxh6+ 21. Rxh6 Kg7 22. Qh4 Rg8 23. Rh7+ Kf8 24. Qh6+ Ke8 25. Qg7 Be6 26. Qxg8+ Kd7 27. Qxd8+ Kxd8 28. Nxe6+ fxe6 29. Kd2 a6 30. Kd3 b5 31. b3 Rc5 32. Rh8+ Kd7 33. Ra8 Rc6 34. Ne2 e5 35. Ng3 Ke6 36. Nf5 Kf6 37. Rf8+ Ke6 38. Ne3 Kd7 39. Nd5 e6 40. Rf7+ Ke8 41. Rc7 Rc5 42. Nf6+ Kd8 43. Rxc5 dxc5 44. Ng4 Kd7 45. Nxe5+ Kd6 46. Ng4 Kc6 47. Ke3 Kb6 48. Kf4 c4 49. Ke5 Kc5 50. Kxe6 cxb3 51. cxb3 Kb4 52. Kd5 a5 53. e5 a4 54. e6 Ka3 55. e7 Kb2 56. bxa4 bxa4 57. e8Q a3 58. Kc4 Kxa2 59. Kc3 1-0

[Event "Oberpfalz-ch M2"]
[Site "Schwandorf"]
[Date "2015.03.29"]
[Round "3"]
[White "Gogeissl, Christian"]
[Black "Oberhofer, Peter"]
[Result "0-1"]
[WhiteElo "1773"]
[BlackElo "1754"]
[PlyCount "104"]
[EventDate "2015.03.28"]
[EventType "swiss"]
[EventRounds "8"]
[EventCountry "GER"]
[SourceTitle "EXT 2022"]
[Source "ChessBase"]
[SourceDate "2021.10.06"]
[SourceVersion "1"]
[SourceVersionDate "2021.10.06"]
[SourceQuality "1"]

1. Nf3 c5 2. c4 Nf6 3. Nc3 d5 4. cxd5 Nxd5 5. g3 Nc6 6. Bg2 g6 7. d4 Nxc3 8. bxc3 Bg7 9. e3 0-0 10. 0-0 Qa5 11. Bb2 c4 12. e4 Bg4 13. h3 Bxf3 14. Bxf3 b5 15. e5 Rac8 16. a3 e6 17. Qc2 Ne7 18. Bc1 h6 19. Bd2 Nd5 20. Bxd5 exd5 21. f4 Qb6 22. f5 Bxe5 23. Bxh6 Bg7 24. Bxg7 Kxg7 25. f6+ Kh7 26. Rae1 Qd6 27. Qf2 Rfe8 28. g4 Qf8 29. g5 Rxe1 30. Rxe1 Re8 31. Re5 Rxe5 32. dxe5 Qxa3 33. e6 fxe6 34. f7 Kg7 35. Qf6+ Kf8 36. Qh8+ Kxf7 37. Qf6+ Ke8 38. Qxe6+ Qe7 39. Qxg6+ Kd7 40. Kf2 Qf8+ 41. Ke2 Qe8+ 42. Qxe8+ Kxe8 43. Kd2 a5 44. g6 b4 45. h4 Kf8 46. h5 Kg7 47. Kc2 bxc3 48. Kxc3 Kh6 49. Kd4 a4 50. Kc3 a3 51. Kc2 d4 52. Kb1 d3 0-1

[Event "Oberpfalz-ch M2"]
[Site "Schwandorf"]
[Date "2015.03.29"]
[Round "4"]
[White "Oberhofer, Peter"]
[Black "Sanner, Christoph"]
[Result "1/2-1/2"]
[WhiteElo "1754"]
[BlackElo "1697"]
[PlyCount "40"]
[EventDate "2015.03.28"]
[EventType "swiss"]
[EventRounds "8"]
[EventCountry "GER"]
[SourceTitle "EXT 2022"]
[Source "ChessBase"]
[SourceDate "2021.10.06"]
[SourceVersion "1"]
[SourceVersionDate "2021.10.06"]
[SourceQuality "1"]

1. d4 d5 2. c4 c6 3. Nf3 Nf6 4. g3 Bf5 5. Nc3 e6 6. Bg2 Nbd7 7. 0-0 Bd6 8. c5 Be7 9. Qb3 b6 10. cxb6 Qxb6 11. Qxb6 axb6 12. a3 0-0 13. Bd2 Rfc8 14. Rfc1 h6 15. h3 Bd6 16. e3 Kf8 17. Bf1 Ke7 18. b4 b5 19. g4 Bh7 20. Ne1 Nb6 1/2-1/2

[Event "Regionalliga NO 1415"]
[Site "Bayern"]
[Date "2015.02.01"]
[Round "6.8"]
[White "Oberhofer, Peter"]
[Black "Radeck, Jochen"]
[Result "1/2-1/2"]
[WhiteElo "1748"]
[BlackElo "1750"]
[PlyCount "37"]
[EventDate "2014.10.19"]
[EventType "team-tourn"]
[EventRounds "9"]
[EventCountry "GER"]
[SourceTitle "EXT 2018"]
[Source "ChessBase"]
[SourceDate "2017.10.13"]
[SourceVersion "1"]
[SourceVersionDate "2017.10.13"]
[SourceQuality "1"]
[WhiteTeam "Regensburg Bavaria"]
[BlackTeam "Forchheim II"]
[WhiteTeamCountry "GER"]
[BlackTeamCountry "GER"]

1. d4 Nf6 2. c4 c5 3. d5 d6 4. Nf3 g6 5. g3 Bg7 6. Bg2 0-0 7. 0-0 Re8 8. Nc3 e6 9. Bg5 h6 10. Bd2 exd5 11. cxd5 a6 12. a4 b6 13. Re1 Ra7 14. e4 Rae7 15. Qc2 Nbd7 16. Bf4 Ne5 17. Nxe5 dxe5 18. Bd2 Nh5 19. Bf3 1/2-1/2

[Event "Nittenau-ch 14th"]
[Site "Nittenau"]
[Date "2014.09.07"]
[Round "5"]
[White "Herich, Manfred"]
[Black "Oberhofer, Peter"]
[Result "1-0"]
[WhiteElo "2191"]
[BlackElo "1736"]
[PlyCount "89"]
[EventDate "2014.09.05"]
[EventType "swiss"]
[EventRounds "5"]
[EventCountry "GER"]
[SourceTitle "CBM 162 Extra"]
[Source "ChessBase"]
[SourceDate "2014.10.17"]
[SourceVersion "1"]
[SourceVersionDate "2014.10.17"]
[SourceQuality "1"]

1. b3 e5 2. Bb2 Nc6 3. e3 Nf6 4. Nf3 Bd6 5. d4 exd4 6. Nxd4 Nxd4 7. Qxd4 Qe7 8. Nd2 0-0 9. Bd3 Re8 10. Nf3 Bc5 11. Qf4 Nd5 12. Qf5 Nf6 13. Bxf6 Qxf6 14. Qxh7+ Kf8 15. 0-0 d6 16. Qh8+ Ke7 17. Qh4 Qxh4 18. Nxh4 g6 19. Nf3 Bd7 20. c3 a6 21. b4 Bb6 22. h3 Rh8 23. Rfe1 Rag8 24. Kf1 g5 25. Ke2 g4 26. hxg4 Bxg4 27. Rh1 Bh5 28. Rag1 Bxf3+ 29. Kxf3 a5 30. Rxh8 Rxh8 31. b5 Bc5 32. Be4 b6 33. Rd1 Rh6 34. g4 f6 35. Rd5 Rh1 36. Rh5 Rc1 37. Bd5 Rxc3 38. Rh7+ Kd8 39. Ke4 Rc2 40. Kf5 Rxf2+ 41. Ke6 c6 42. bxc6 Rf1 43. c7+ Kc8 44. Bb7+ Kxb7 45. Kd7 1-0

[Event "Nittenau-ch 13th"]
[Site "Nittenau"]
[Date "2013.09.14"]
[Round "3"]
[White "Voith, Walter"]
[Black "Oberhofer, Peter"]
[Result "1-0"]
[WhiteElo "1479"]
[BlackElo "1744"]
[PlyCount "81"]
[EventDate "2013.09.13"]
[EventType "swiss"]
[EventRounds "5"]
[EventCountry "GER"]
[SourceTitle "EXT 2022"]
[Source "ChessBase"]
[SourceDate "2021.10.06"]
[SourceVersion "1"]
[SourceVersionDate "2021.10.06"]
[SourceQuality "1"]

1. Nf3 Nf6 2. c4 c5 3. Nc3 Nc6 4. g3 g6 5. Bg2 Bg7 6. 0-0 0-0 7. a3 d5 8. cxd5 Nxd5 9. Qc2 Nxc3 10. bxc3 e5 11. d3 Qd6 12. Rd1 f5 13. Ng5 Bf6 14. Qb3+ Kg7 15. Bd5 Bxg5 16. Bxg5 h6 17. Bc1 b6 18. f4 Bb7 19. fxe5 Qxe5 20. Bf3 Na5 21. Qc2 Rfe8 22. Bf4 Qe6 23. Bxb7 Nxb7 24. Re1 g5 25. Bd2 Nd6 26. c4 Kg6 27. e3 Re7 28. Re2 Rae8 29. Rae1 Qc8 30. e4 fxe4 31. dxe4 Qe6 32. e5+ Qf5 33. Qc3 Nf7 34. Rf2 Qg4 35. Rf6+ Kh5 36. Qc2 Qd4+ 37. Kg2 Nh8 38. Re4 Qd7 39. Rh4+ gxh4 40. Rxh6+ Kg4 41. h3# 1-0

[Event "Nittenau-ch 11th"]
[Site "Nittenau"]
[Date "2011.09.18"]
[Round "5"]
[White "Oberhofer, Peter"]
[Black "Schmitz, Marc"]
[Result "0-1"]
[WhiteElo "1741"]
[BlackElo "1585"]
[PlyCount "66"]
[EventDate "2011.09.16"]
[EventType "swiss"]
[EventRounds "5"]
[EventCountry "GER"]
[SourceTitle "EXT 2022"]
[Source "ChessBase"]
[SourceDate "2021.10.06"]
[SourceVersion "1"]
[SourceVersionDate "2021.10.06"]
[SourceQuality "1"]

1. e4 c5 2. Nf3 Nf6 3. Nc3 d5 4. exd5 Nxd5 5. Ne4 e6 6. d4 cxd4 7. Qxd4 Nc6 8. Qd1 Qc7 9. Be2 Nf4 10. 0-0 Nxe2+ 11. Qxe2 h6 12. Be3 b6 13. Rfd1 Be7 14. Rac1 Nb4 15. a3 Ba6 16. c4 Nd5 17. b4 Rc8 18. Ned2 Nxe3 19. Qxe3 0-0 20. Rc2 Rfd8 21. Rdc1 Bb7 22. Nb3 Qc6 23. Nbd4 Qa4 24. c5 bxc5 25. bxc5 Bf6 26. Rc4 Qa6 27. c6 e5 28. cxb7 Rxc4 29. Rb1 exd4 30. Nxd4 Rb8 31. Nf5 Rxb7 32. Qe8+ Kh7 33. Rd1 Qa4 0-1

[Event "Nittenau-ch 11th"]
[Site "Nittenau"]
[Date "2011.09.16"]
[Round "1"]
[White "Oberhofer, Peter"]
[Black "Eichinger, Bernd"]
[Result "1-0"]
[WhiteElo "1741"]
[BlackElo "1141"]
[PlyCount "49"]
[EventDate "2011.09.16"]
[EventType "swiss"]
[EventRounds "5"]
[EventCountry "GER"]
[SourceTitle "EXT 2022"]
[Source "ChessBase"]
[SourceDate "2021.10.06"]
[SourceVersion "1"]
[SourceVersionDate "2021.10.06"]
[SourceQuality "1"]

1. e4 d5 2. exd5 Qxd5 3. Nc3 Qa5 4. d4 c6 5. Bd3 Nf6 6. Bd2 Qc7 7. Qe2 Bg4 8. f3 Bh5 9. 0-0-0 e6 10. Nh3 Nbd7 11. Nf4 Bg6 12. Nxg6 hxg6 13. g3 Bd6 14. f4 0-0-0 15. Ne4 Be7 16. Ng5 Rhf8 17. Nxf7 Rde8 18. Bxg6 Nb6 19. Ng5 Rd8 20. Nxe6 Qd6 21. Nxd8 Rxd8 22. Rhe1 Nbd5 23. Qe6+ Kb8 24. Qxd6+ Rxd6 25. c4 1-0

[Event "Regionalliga NO 0001"]
[Site "Bayern"]
[Date "2001.02.18"]
[Round "6.7"]
[White "Oberhofer, Peter"]
[Black "Gerl, Hans Peter"]
[Result "0-1"]
[WhiteElo "1845"]
[BlackElo "2060"]
[PlyCount "42"]
[EventDate "2000.10.15"]
[EventType "team-tourn"]
[EventRounds "9"]
[EventCountry "GER"]
[SourceTitle "EXT 2020"]
[Source "ChessBase"]
[SourceDate "2019.10.17"]
[SourceVersion "1"]
[SourceVersionDate "2019.10.17"]
[SourceQuality "1"]
[WhiteTeam "Regensburg Bavaria"]
[BlackTeam "Zirndorf II"]
[WhiteTeamCountry "GER"]
[BlackTeamCountry "GER"]

1. g3 c5 2. Bg2 d5 3. d4 cxd4 4. Qxd4 e6 5. e4 Nc6 6. Qa4 dxe4 7. Bxe4 Bd7 8. Ne2 Bc5 9. c3 Nf6 10. Bg2 Qb6 11. 0-0 Ne5 12. Qc2 Rc8 13. Bf4 Neg4 14. Nc1 Bb5 15. Nd3 Bxd3 16. Qxd3 Nxf2 17. Rxf2 Bxf2+ 18. Kf1 Bc5 19. Nd2 Bg1 20. Qe2 0-0 21. Nc4 Rxc4 0-1